00832 a2200169 45000010006000000050017000060080041000230030015000640400040000790800035001192450027001542500011001812640080001923000026002725050326002981000038006242402220260407155526.0260407a1966 arg spa dAR-UNSa-BCEJYS aAR-UNSa-BCEJYSbspacAR-UNSa-BCEJYS a657.47xContabilidad de Costos10aContabilidad de costos a2a. ed 1aMéxico :bUnión Tipográfica Editorial Hispano-Americana (UTEHA)c1966 axviii, 777 p.c23 cm. a1. Introducción a la contabilidad de costos - 2. Costos históricos.El sistema de costos por ordenes de producción.Organización administrativo-contable y de control de cada uno de los tres elementos del costo de producción y de la producción en proceso.Informes de costos - 3. Sistemas de costos por procesos. 1 aOrtega Pérez de León, Armando